El divino pintor (Record no. 1307)

MARC details
000 -CABECERA
campo de control de longitud fija 01142nam a2200265 a 4500
001 - NÚMERO DE CONTROL
campo de control BRCA_1445
005 - FECHA Y HORA DE LA ÚLTIMA TRANSACCIÓN
campo de control 20190320203430.0
008 - DATOS DE LONGITUD FIJA--INFORMACIÓN GENERAL
campo de control de longitud fija 020523s2001 mx-a---##b---#000-0#spa-d
020 ## - NÚMERO INTERNACIONAL ESTÁNDAR DEL LIBRO
Número Internacional Estándar del Libro 968553800X
041 ## - CÓDIGO DE LENGUA
Código de lengua del texto/banda sonora o título independiente spa
044 ## - CÓDIGO DEL PAÍS DE LA ENTIDAD EDITORA/PRODUCTORA
Código MARC del país mx
050 #4 - SIGNATURA TOPOGRÁFICA DE LA BIBLIOTECA DEL CONGRESO
Número de clasificación N8070
Número de documento/Ítem .D58 2001
245 10 - MENCIÓN DE TÍTULO
Título El divino pintor
Resto del título la creación de María de Guadalupe en el taller celestial.
260 ## - PUBLICACIÓN, DISTRIBUCIÓN, ETC.
Lugar de publicación, distribución, etc. México
Nombre del editor, distribuidor, etc. Museo de la Basílica de Guadalupe
Fecha de publicación, distribución, etc. 2001
300 ## - DESCRIPCIÓN FÍSICA
Extensión 267 p.
Otras características físicas il. a color
Dimensiones 27 cm.
500 ## - NOTA GENERAL
Nota general Catálogo de la exposición realizada en el Museo de la Basílica de Guadalupe (Ciudad de México), diciembre 2001 - abril 2002 ; Museo de Historia Mexicana (Monterrey, México), mayo-julio, 2002
500 ## - NOTA GENERAL
Nota general Incluye piezas de la colección Franz Mayer: p. 86
500 ## - NOTA GENERAL
Nota general Estado físico: encuadernado, febrero 2014
504 ## - NOTA DE BIBLIOGRAFÍA, ETC.
Nota de bibliografía, etc. Bibliografía: p. 239-247
600 14 - PUNTO DE ACCESO ADICIONAL DE MATERIA--NOMBRE DE PERSONA
Nombre de persona Mary
Títulos y otros términos asociados al nombre Virgen bendecida, Santo
Subdivisión de forma Exposiciones
Subdivisión general Arte
9 (RLIN) 4732
650 14 - PUNTO DE ACCESO ADICIONAL DE MATERIA--TÉRMINO DE MATERIA
Término de materia o nombre geográfico como elemento de entrada Guadalupe, nuestra señora de
Subdivisión de forma Exposiciones
Subdivisión general Arte
9 (RLIN) 4733
650 14 - PUNTO DE ACCESO ADICIONAL DE MATERIA--TÉRMINO DE MATERIA
Término de materia o nombre geográfico como elemento de entrada Arte cristiano y simbolismo
Subdivisión de forma Exposiciones
Subdivisión geográfica México
9 (RLIN) 2120
650 14 - PUNTO DE ACCESO ADICIONAL DE MATERIA--TÉRMINO DE MATERIA
Término de materia o nombre geográfico como elemento de entrada Pintura mexicana
Subdivisión de forma Exposiciones
Subdivisión geográfica México
9 (RLIN) 4734
942 ## - ELEMENTOS DE PUNTO DE ACCESO ADICIONAL (KOHA)
Fuente del sistema de clasificación o colocación Library of Congress Classification
Tipo de ítem Koha Libros
Holdings
Estado de retiro Estado de pérdida Estado dañado No para préstamo Localización permanente Ubicación/localización actual Fecha de adquisición Total de préstamos Signatura topográfica completa Código de barras Fecha visto por última vez Precio válido a partir de Tipo de ítem Koha
El ejemplar forma parte de la colección y puede ser consultado según las políticas vigentes.       Biblioteca del Museo Franz Mayer (Rogerio Casas-Alatriste) Biblioteca del Museo Franz Mayer (Rogerio Casas-Alatriste) 26/06/2008   N8070 .D58 2001 01972 22/03/2019 22/03/2019 Libros